Komparace kohezní politiky České republiky, Maďarska, Polska a Slovenska
Regionálna politika EÚ na programové obdobie 2007-2013, ktorej ciele je možné dosiahnuť čerpaním štrukturálnych fondov a fondu súdržnosti. Národný strategický referenčný rámec jednotlivých krajín EÚ. Kohézne politiky jednotlivých štátov Vyšehradskej štvorky (V4).
Salvato in:
| Autore principale: | |
|---|---|
| Natura: | Capitolo di libro |
| Lingua: | ceco |
| Soggetti: | |
| Tags: |
Nessun Tag, puoi essere il primo ad aggiungerne!!
|
MARC
| LEADER | 00000nla a2200000 4500 | ||
|---|---|---|---|
| 001 | 0157612 | ||
| 005 | 20221104125937.6 | ||
| 041 | 0 | |a cze | |
| 044 | |a CZ | ||
| 245 | 1 | 0 | |a Komparace kohezní politiky České republiky, Maďarska, Polska a Slovenska |c Ivana Janečková |
| 520 | |a Regionálna politika EÚ na programové obdobie 2007-2013, ktorej ciele je možné dosiahnuť čerpaním štrukturálnych fondov a fondu súdržnosti. Národný strategický referenčný rámec jednotlivých krajín EÚ. Kohézne politiky jednotlivých štátov Vyšehradskej štvorky (V4). | ||
| 610 | 2 | 0 | |a politika kohézna |
| 610 | 2 | 0 | |a fondy štruktúrne |
| 610 | 2 | 0 | |a financie |
| 610 | 2 | 0 | |a konkurencieschopnosť |
| 610 | 2 | 0 | |a rozvoj regionálny |
| 610 | 2 | 0 | |a politika regionálna |
| 610 | 2 | 0 | |a Vyšehradská štvorka |
| 100 | 1 | |a Janečková, Ivana | |